AutoCAD Basic Commands Quiz - Statistics

General Stats
  • This quiz has been taken 16 times
  • The average score is 10 of 15
Answer Stats
Question Answer % Correct
Which command is used to create a rounded corner between two lines? FILLET
92%
To create a mirror image of a line or shape, which command is used? MIRROR
92%
Which command allows you to cut objects at the intersection with another object? TRIM
92%
You want to make a copy of an object at a different location. Which command should you use? COPY
85%
Which command is used to create a series of connected lines and arcs as a single object? POLYLINE
85%
If you want to create a circle by specifying its center and radius, which command is correct? CIRCLE
77%
Which command would you use to extend a line to meet another line? EXTEND
77%
You need to enlarge a drawing proportionally. Which command is correct? SCALE
69%
You need to move an object precisely without duplicating it. Which command do you use? MOVE
62%
You want to create a parallel line at a fixed distance from an existing line. Which command do you use? OFFSET
62%
Which command allows you to copy multiple objects in a pattern (row, column, circular)? ARRAY
54%
Which command is used to see the drawing from a different angle without changing the zoom? PAN
54%
Which command lets you check or change properties like color, line type, and layer of an object? PROPERTIES
54%
To create a smooth curve passing through multiple points, which command is most appropriate? SPLINE
46%
You want to delete an object from your drawing. Which command should you use? ERASE
38%
No matching quizzes found
Score Distribution
Percent of People with Each Score
Percentile by Number Answered
Your Score History
You have not taken this quiz